| 000 | 00900nam a2200313Ia 4500 | ||
|---|---|---|---|
| 001 | Z_3290 | ||
| 003 | CHAP | ||
| 008 | 220113s1989 xx 000 0 und d | ||
| 010 | _a166399 | ||
| 040 | _cCHAP | ||
| 090 | _aFolleto 373 | ||
| 100 |
_aFideicomisos Instituidos en Relación con la Agricultura. México _9139140 |
||
| 245 |
_aLeche en pastoreo : una opción más económica de producción en climas templados / _cpor FIRA |
||
| 260 |
_aMéxico, D. F. : _bFIRA, _c1989 |
||
| 300 | _a22 p. ; ilus. | ||
| 440 |
_aFIRA Boletín informativo XXI (202) _9140476 |
||
| 500 | _a | ||
| 503 | _a | ||
| 650 |
_aGanado lechero _xProducción _945288 |
||
| 650 |
_aGanado lechero _xSan Luis Potosí _945295 |
||
| 650 |
_aLeche _xProducción _965400 |
||
| 650 |
_aPastoreo _985984 |
||
| 901 | _aFolleto 373 | ||
| 902 | _aA | ||
| 910 | _a1989 | ||
| 942 | _cc14 | ||
| 942 | _cc14 | ||
| 999 |
_c166399 _d166399 |
||